|
|
|
|
| LEADER |
01800nam a2200493 i 4500 |
| 001 |
nkc20243643064 |
| 003 |
CZ PrNK |
| 005 |
20250718075725.0 |
| 007 |
ta |
| 008 |
241114s2024 xr a g d 000 0dcze |
| 015 |
|
|
|a cnb003643064
|
| 020 |
|
|
|a 978-80-11-05850-0
|q (brožováno)
|
| 035 |
|
|
|a (OCoLC)1531362545
|
| 040 |
|
|
|a OLA001
|b cze
|e rda
|
| 041 |
1 |
|
|a cze
|h por
|
| 072 |
|
7 |
|a 793.3
|x Pohybové umění. Tanec
|2 Konspekt
|9 3
|
| 080 |
|
|
|a 793.3
|2 MRF
|
| 080 |
|
|
|a 793.3(091)
|2 MRF
|
| 080 |
|
|
|a (038.072)
|2 MRF
|
| 100 |
1 |
|
|a Santos, Inês Fonseca,
|d 1979-
|7 ola20251254202
|4 aut
|
| 240 |
1 |
0 |
|a Dança.
|l Česky
|
| 245 |
1 |
0 |
|a Tanči :
|b pohybovník /
|c napsala Inês Fonseca Santos ; nakreslil André Letria ; odborná spolupráce Daniel Tércio ; z portugalského originálu Dança ... přeložila Barbora Müllerová
|
| 246 |
3 |
0 |
|a Pohybovník
|
| 250 |
|
|
|a První české vydání
|
| 264 |
|
1 |
|a V Praze :
|b Ostružina,
|c 2024
|
| 300 |
|
|
|a 72 stran :
|b barevné ilustrace ;
|c 34 cm
|
| 336 |
|
|
|a text
|b txt
|2 rdacontent
|
| 336 |
|
|
|a statický obraz
|b sti
|2 rdacontent
|
| 337 |
|
|
|a bez média
|b n
|2 rdamedia
|
| 338 |
|
|
|a svazek
|b nc
|2 rdacarrier
|
| 650 |
0 |
7 |
|a tanec
|7 ph126430
|2 czenas
|
| 650 |
0 |
7 |
|a dějiny tance
|7 ph489378
|2 czenas
|
| 650 |
0 |
9 |
|a dance
|2 eczenas
|
| 650 |
0 |
9 |
|a history of dance
|2 eczenas
|
| 655 |
|
7 |
|a výkladové slovníky
|7 fd133855
|2 czenas
|
| 655 |
|
9 |
|a explanatory dictionaries
|2 eczenas
|
| 700 |
1 |
|
|a Letria, André,
|d 1973-
|7 ola20251254205
|4 ill
|
| 700 |
1 |
|
|a Tércio, Daniel,
|d 1954-
|7 ola20251254215
|4 ctb
|
| 700 |
1 |
|
|a Müllerová, Barbora,
|d 1981-
|7 jo20211103433
|4 trl
|
| 910 |
2 |
|
|a BOA001
|b 4-1537.942
|
| 990 |
|
|
|a BK
|
| 995 |
|
|
|a 01
|
| 991 |
|
|
|b 202503
|c NOV
|
| 996 |
6 |
|
|b 2610994994
|c 4-1537.942
|l MZK
|r Sklad / do 1 hodiny
|n 4
|p p.v.
|w 001995233
|u 000010
|a 1
|e BOA001
|j MZK50
|s P
|